000 00261nam a2200109Ia 4500
008 200302s9999 xx 000 0 und d
100 _aAuthor
245 _aArchitectural Renderings
260 _bChina Planning Press, Beijing
260 _c1998
300 _a218 P.,
999 _c2066
_d2066